LEADER 01536nam 2200421 450 001 9910555190003321 005 20190320170630.0 010 $a0-89118-321-3 035 $a(CKB)3810000000041713 035 $a(WaSeSS)IndRDA00111543 035 $a(EXLCZ)993810000000041713 100 $a20190320d1993 uy 0 101 0 $aeng 135 $aur||||||||||| 181 $ctxt$2rdacontent 182 $cc$2rdamedia 183 $acr$2rdacarrier 200 00$aAgricultural ecosystem effects on trace gases and global climate change /$forganizing committee, Lowry A. Harper [and three others] ; sponsored by American Society of Agronomy and Soil Science Society of America 210 1$aMadison, Wisconsin :$cAmerican Society of Agronomy :$cCrop Science Society of America :$cSoil Science Society of America,$d1993. 215 $a1 online resource (xvii, 206 pages) 225 1 $aASA Special Publication ;$vNumber 55 311 $a0-89118-113-X 410 0$aASA special publication ;$vNumber 55. 606 $aAgricultural ecology 606 $aGreenhouse gases 608 $aElectronic books. 615 0$aAgricultural ecology. 615 0$aGreenhouse gases. 676 $a577.55 702 $aHarper$b Lowry A. 712 02$aAmerican Society of Agronomy, 712 02$aSoil Science Society of America, 801 0$bWaSeSS 801 1$bWaSeSS 906 $aBOOK 912 $a9910555190003321 996 $aAgricultural ecosystem effects on trace gases and global climate change$92820763 997 $aUNINA LEADER 03052nam 2200505 450 001 996237746503316 005 20201126135028.0 010 $a90-04-35105-1 024 7 $a10.1163/9789004351059 035 $a(CKB)3710000001444481 035 $a(OCoLC)45313361$z(OCoLC)46430562$z(OCoLC)59543103$z(OCoLC)78574317$z(OCoLC)223011279 035 $a(nllekb)BRILL9789004351059 035 $a(MiAaPQ)EBC6282468 035 $a(PPN)229538819 035 $a(EXLCZ)993710000001444481 100 $a20201126d2001 uy 0 101 0 $ager 135 $aurun| uuuua 181 $ctxt$2rdacontent 182 $cc$2rdamedia 183 $2rdacarrier 200 14$aDie Erza?hlung von Meleagros zur literarischen Entwicklung der kalydonischen Kultlegende. /$fvon Peter Grossardt 210 1$aLeiden, Netherlands :$cBrill,$d2001. 215 $a1 online resource (xiii, 334 pages) 225 1 $aMnemosyne, bibliotheca classica Batava. Supplementum,$x0169-8958 ;$v215 311 $a90-04-11952-3 320 $aIncludes bibliographical references (pages [293]-320) and index. 327 $tPreliminary Material -- $tPROBLEMGESCHICHTE UND PROBLEMSTELLUNG -- $tDIE ERZÄHLUNG VON MELEAGROS IN DER ANTIKEN UND MITTELALTERLICHEN TRADITION -- $tDIE ENTSTEHUNG DER SAGE -- $tDIE ENTWICKLUNG VON DER KULTLEGENDE ZUR LITERATUR -- $tAPPENDICES -- $tBIBLIOGRAPHIE -- $tINDICES -- $tSUPPLEMENTS TO MNEMOSYNE /$rH. Pinkster , H.W. Pleket , C.J. Ruijgh , D.M. Schenkeveld and P.H. Schrijvers. 330 $aThe myth of the Calydonian boar-hunt belongs to the great mythical cycles of the ancient world. P. Grossardt now offers the first complete presentation of all literary sources of the Calydonian hunt, as well as of other adventures of its central hero Meleagros. The sources have been arranged by genre and their literary context has been taken well into account. The author gives special attention to the development of different versions of the legend. Individual poets, Grossardt observes, used the myth of the Calydonian boar-hunt as a functional element in a larger context or in conscious contrast to older texts. In reconstructing the prehistory of the legend and its religious background, the author shows that the Calydonian boar-hunt myth originally had the function of an aition for the cult of Artemis Laphria and that it was taken up by the epic tradition long before Homer. 410 0$aMnemosyne, Supplements$v215. 606 $aClassical literature$xHistory and criticism 606 $aMeleager (Greek mythology)$vArt 606 $aMeleager (Greek mythology) 615 0$aClassical literature$xHistory and criticism. 615 0$aMeleager (Greek mythology) 615 0$aMeleager (Greek mythology) 676 $a880.9/351 700 $aGrossardt$b Peter$f1963-$01224583 801 0$bMiAaPQ 801 1$bMiAaPQ 801 2$bMiAaPQ 906 $aBOOK 912 $a996237746503316 996 $aDie Erza?hlung von Meleagros zur literarischen Entwicklung der kalydonischen Kultlegende$92843034 997 $aUNISA LEADER 02302nas 2200649-a 450 001 996208177003316 005 20230224213018.0 011 $a1042-1467 035 $a(OCoLC)41557071 035 $a(CKB)954927383316 035 $a(CONSER)--2001262357 035 $a(EXLCZ)99954927383316 100 $a19990617b19892001 s-- - 101 0 $aeng 135 $aurmnu|||||||| 181 $ctxt$2rdacontent 182 $cc$2rdamedia 183 $acr$2rdacarrier 200 10$aArchives and museum informatics 210 $a[Dordrecht] $cKluwer Academic Publishers 300 $aRefereed/Peer-reviewed 311 $a1573-7519 531 $aARCHIVES AND MUSEUM INFORMATICS 531 $aARCHIVES AND MUSEUM INFORMATICS CULTURAL HERITAGE INFORMATICS MONTHLY 531 $aARCHIVES AND MUSEUM INFORMATICS CULTURAL HERITAGE INFORMATICS QUARTERLY 531 1 $aArch. mus. inform. 606 $aArchives$xData processing$vPeriodicals 606 $aMuseums$xData processing$vPeriodicals 606 $aInformation storage and retrieval systems$xArchival materials$vPeriodicals 606 $aArchives$xInformatique$vPériodiques 606 $aMusées$xInformatique$vPériodiques 606 $aSystèmes d'information$xArchives$vPériodiques 606 $aArchives$xData processing$2fast$3(OCoLC)fst00814048 606 $aInformation storage and retrieval systems$xArchival materials$2fast$3(OCoLC)fst01730209 606 $aMuseums$xData processing$2fast$3(OCoLC)fst01030150 606 $aMusea$2gtt 606 $aArchieven$2gtt 606 $aICT$2gtt 608 $aPeriodicals.$2fast 610 $aComputing 615 0$aArchives$xData processing 615 0$aMuseums$xData processing 615 0$aInformation storage and retrieval systems$xArchival materials 615 6$aArchives$xInformatique 615 6$aMusées$xInformatique 615 6$aSystèmes d'information$xArchives 615 7$aArchives$xData processing. 615 7$aInformation storage and retrieval systems$xArchival materials. 615 7$aMuseums$xData processing. 615 7$aMusea. 615 7$aArchieven. 615 7$aICT. 676 $a025.316 906 $aJOURNAL 912 $a996208177003316 996 $aArchives and museum informatics$92425340 997 $aUNISA